Sports Quiz

Random Sports or Baseball Quiz

MLB: Most Career Outs Quiz Stats

 Plays Quiz Updated Nov 15, 2018

Score 0/32 Timer 08:00
2 Plays Today
Outs (Years) Player % Correct
10,328
(1963-1986)
Pete Rose
95.1%
9,136
(1954-1976)
Hank Aaron
94.6%
8,893
(1981-2001)
Cal Ripken
91.8%
8,269
(1995-2014)
Derek Jeter
84.5%
7,636*
(2001-2018)
Albert Pujols
81.4%
8,056
(1951-1973)
Willie Mays
80.5%
8,273
(1988-2007)
Craig Biggio
80%
9,126
(1961-1983)
Carl Yastrzemski
79.2%
8,340
(1955-1977)
Brooks Robinson
78.8%
7,528
(1956-1976)
Frank Robinson
78.6%
7,673
(1973-1993)
George Brett
77.7%
8,415
(1974-1993)
Robin Yount
77.3%
8,510
(1979-2003)
Rickey Henderson
75.8%
7,915
(1994-2016)
Alex Rodriguez
75.6%
7,704
(1941-1963)
Stan Musial
75.5%
7,718
(1905-1928)
Ty Cobb
74.3%
Outs (Years) Player % Correct
8,340*
(1998-2018)
Adrián Beltré
71%
7,659
(1967-1987)
Reggie Jackson
70.4%
8,570
(1977-1997)
Eddie Murray
68.8%
7,857
(1986-2005)
Rafael Palmeiro
66.1%
8,040
(1978-1998)
Paul Molitor
65.9%
7,528
(1978-1996)
Ozzie Smith
64.1%
8,422
(1973-1995)
Dave Winfield
62.9%
7,594
(1953-1974)
Al Kaline
59.8%
7,621
(1976-1996)
Andre Dawson
54.3%
7,823
(1961-1979)
Lou Brock
47.4%
7,462
(1964-1986)
Tony Perez
44.6%
8,433
(1989-2012)
Omar Vizquel
44.1%
7,482
(1980-2001)
Harold Baines
35.1%
8,110
(1956-1973)
Luis Aparicio
31.2%
7,509
(1963-1985)
Rusty Staub
28.2%
7,887
(1912-1935)
Rabbit Maranville
8.4%

You're not logged in!

Compare scores with friends on all Sporcle quizzes.
OR
Log In

Sporcle TV

Today on Sporcle TV


Watch our educational content, quiz creation guides, and fun videos on Sporcle TV.

Show Comments

Extras

Top Quizzes Today


Score Distribution

Your Account Isn't Verified!

In order to create a playlist on Sporcle, you need to verify the email address you used during registration. Go to your Sporcle Settings to finish the process.

Report this User

Report this user for behavior that violates our Community Guidelines.

Details: